| 000 | 01183cam0a220031301 4500 | ||
|---|---|---|---|
| 001 | tmp15759766 | ||
| 003 | UPRA | ||
| 005 | 20190822112347.0 | ||
| 007 | sdubmmennuuune | ||
| 008 | 951023s1952 enk u | ||
| 028 | 0 | 2 |
_aALP 1108 H.M.V. _bALP 1108 H.M.V. |
| 035 | _a(Sirsi) r51187 | ||
| 035 | _a(UPRA)tmp15759766 | ||
| 040 | _cUPRA | ||
| 041 | 0 | _geng | |
| 100 | 1 |
_aBeethoven, Ludwig van, 1770-1827. _dBeethoven, Ludwig van, 1770-1827. _6A9080.1 |
|
| 240 |
_a10a26.1..1.11 n26.1..13.14 r26.1..28.8 _hSound recording |
||
| 245 | 1 | 0 |
_aSymphony no. 5 in C minor, op. 67 _h[sound recording]. |
| 260 |
_aHayes, Middlesex : _bH.M.V., _c[1952?] |
||
| 500 | _aSleeves notes. | ||
| 501 | _aWith: Beethoven, L. van, Symphony no. 8, op. 93. | ||
| 511 | 0 | _aThe N.B.C. Symphony Orchestra conducted by Arturo Toscanini. | |
| 650 | 0 |
_aSymphonies. _6S6145.1 |
|
| 700 | 1 |
_aToscanini, Arturo, 1867-1957. _dToscanini, Arturo, 1867-1957. _6A9131.1 |
|
| 700 | 1 |
_aBeethoven, L. van. Symphony no. 8, op. 93. _tBeethoven, L. van. Symphony no. 8, op. 93. _6A9115.7 |
|
| 710 | 2 |
_aNBC Symphony Orchestra. _6A9132.1 |
|
| 949 |
_aM1001 _wlcc _i-64907 _mMAIN _tBOOK _lON-SHELF |
||
| 004 | 51187 | ||
| 999 |
_c132956 _d132956 |
||